Ozidi: A Play (Record no. 4687)

MARC details
000 -LEADER
fixed length control field 00466nam a22001577a 4500
008 - FIXED-LENGTH DATA ELEMENTS--GENERAL INFORMATION
fixed length control field 260422b |||||||| |||| 00| 0 eng d
020 ## - INTERNATIONAL STANDARD BOOK NUMBER
ISBN 9789780693640
100 ## - MAIN ENTRY--AUTHOR
Author (John Pepper Clark-Bekederemo
245 ## - TITLE STATEMENT
Title Ozidi: A Play
260 ## - PUBLICATION, DISTRIBUTION, ETC. (IMPRINT)
Place of publication Ibadan
Name of publisher UNIVERSITY PRESS PLC
Date of publication 2009
300 ## - COLLATION
Pagination vi, 148p.
650 ## - TRACINGS
Main Subject English Literature
Subdivision (1st) African literature in English
Subdivision (2nd) Ijaw (African people)—Drama
942 ## - ADDED ENTRY ELEMENTS (KOHA)
Item type Books
050 ## - LIBRARY OF CONGRESS CALL NUMBER
Classification number PR6053.L3
Item number .C55
Holdings
Source of classification or shelving scheme Not for loan Permanent location Current location Date acquired Accession No. Full call number Barcode. Copy number Koha item type
Library of Congress Classification   Samuel Ogbemudia Main Library, University of Abuja Samuel Ogbemudia Main Library, University of Abuja 04/22/2026 2026/71868–73 PR6053.L3 .C55 2026-0180 6 Books